header

Final cut express (Record no. 46768)

MARC details
000 -LEADER
fixed length control field 01207nam a22003254a 4500
082 04 - DEWEY DECIMAL CLASSIFICATION NUMBER
Classification number 778.59/3
100 1# - MAIN ENTRY--AUTHOR NAME
Personal name McCabe, Kyle.
245 10 - TITLE STATEMENT
Title Final cut express
250 ## - EDITION STATEMENT
Edition statement 1st ed.
260 ## - PUBLICATION, DISTRIBUTION, ETC. (IMPRINT)
Place of publication Hingham, Mass. :
Name of publisher Charles River Media,
Year of publication c2004.
300 ## - PHYSICAL DESCRIPTION
Number of Pages xxviii, 417 p. :
Other physical details ill.
500 ## - GENERAL NOTE
General note Includes index.
650 #0 - SUBJECT ADDED ENTRY--TOPICAL TERM
Topical Term Video tapes
Topical Term Digital video
Topical Term Macintosh (Computer)
856 40 - ELECTRONIC LOCATION AND ACCESS
Uniform Resource Identifier http://site.ebrary.com/lib/rucke/Doc?id=10061216

No items available.

© 2026 Rongo University
Contact us: librarian | system librarian | Rongo university